[Event "GBR-ch80"]
[Site "Dundee"]
[Date "1993.08.04"]
[Round "3"]
[White "McNab, Colin Anderson"]
[Black "Koshy, Varugeese"]
[Result "1/2-1/2"]
[WhiteElo "2490"]
[BlackElo "2415"]
[PlyCount "61"]
[EventDate "1993.08.02"]
[EventType "swiss"]
[EventRounds "11"]
[EventCountry "GBR"]
[SourceTitle "BritBase"]
[Source "britbase.info"]
[SourceDate "2021.07.30"]
[SourceVersion "1"]
[SourceVersionDate "2021.07.30"]
[SourceQuality "1"]

1. Nf3 g6 2. c4 Bg7 3. g3 e5 4. Nc3 d6 5. Bg2 c5 6. d3 Nc6 7. Bg5 Nge7 8. Qc1
O-O 9. h4 f6 10. Bh6 Bxh6 11. Qxh6 Be6 12. h5 Nf5 13. Qd2 g5 14. Nh2 Nfe7 15.
Nf1 d5 16. cxd5 Nxd5 17. Ne3 Nde7 18. f4 gxf4 19. gxf4 exf4 20. Nc2 Nd5 21.
Bxd5 Bxd5 22. Rg1+ Kh8 23. Qxf4 Be6 24. O-O-O Qe7 25. Rg3 Rg8 26. Rxg8+ Rxg8
27. Rf1 Rf8 28. Kb1 Qf7 29. Qd6 Qe7 30. Qf4 Qf7 31. Qd6 1/2-1/2

[Event "GBR-ch80"]
[Site "Dundee"]
[Date "1993.08.04"]
[Round "3"]
[White "Noyce, Robert"]
[Black "Ledger, Andrew"]
[Result "0-1"]
[WhiteElo "2230"]
[BlackElo "2375"]
[PlyCount "116"]
[EventDate "1993.08.02"]
[EventType "swiss"]
[EventRounds "11"]
[EventCountry "GBR"]
[SourceTitle "BritBase"]
[Source "britbase.info"]
[SourceDate "2021.07.30"]
[SourceVersion "1"]
[SourceVersionDate "2021.07.30"]
[SourceQuality "1"]

1. Nf3 d5 2. c4 c6 3. cxd5 cxd5 4. g3 Nc6 5. Bg2 Nf6 6. O-O Bg4 7. d3 e6 8. b3
Be7 9. Bb2 O-O 10. Nbd2 Rc8 11. Rc1 Nd7 12. a3 a5 13. d4 Bd6 14. Nb1 b5 15. Nc3
Qb6 16. e3 b4 17. axb4 Nxb4 18. Ba3 h6 19. Qe2 Nd3 20. Qxd3 Bxa3 21. Na4 Qb7
22. Rxc8 Rxc8 23. Nh4 Be7 24. Bf3 Bh3 25. Bg2 Bxg2 26. Nxg2 Nb8 27. Nf4 Na6 28.
Rb1 Nb4 29. Qd1 Qb5 30. Rc1 Rb8 31. Qe2 Qxe2 32. Nxe2 Kf8 33. Kf1 Ke8 34. Rc3
Rb5 35. Nc1 Kd7 36. Ke2 h5 37. Nd3 Nxd3 38. Kxd3 g5 39. h3 f5 40. Ke2 Bb4 41.
Rc2 Bd6 42. Rc3 Bb4 43. Rc2 Ba3 44. Rc3 Bd6 45. f4 h4 46. Kf3 gxf4 47. gxf4 Bb4
48. Rc1 Kd6 49. Ke2 Ba3 50. Rc3 Rb7 51. Rd3 Rg7 52. Nc3 Bb4 53. Nd1 Rg1 54. Nf2
Rb1 55. Nd1 Kc6 56. Kf3 Rc1 57. Nf2 Kb5 58. Nd1 Rc2 0-1

[Event "GBR-ch80"]
[Site "Dundee"]
[Date "1993.08.04"]
[Round "3"]
[White "Parker, Jonathan"]
[Black "Cobb, James"]
[Result "1/2-1/2"]
[WhiteElo "2370"]
[BlackElo "2280"]
[PlyCount "119"]
[EventDate "1993.08.02"]
[EventType "swiss"]
[EventRounds "11"]
[EventCountry "GBR"]
[SourceTitle "BritBase"]
[Source "britbase.info"]
[SourceDate "2021.07.30"]
[SourceVersion "1"]
[SourceVersionDate "2021.07.30"]
[SourceQuality "1"]

1. d4 Nf6 2. c4 g6 3. Nc3 Bg7 4. e4 d6 5. h3 Nbd7 6. Nf3 e5 7. d5 Nc5 8. Qc2 a5
9. g4 O-O 10. Bg5 Qe8 11. Nd2 c6 12. Qd1 h6 13. Be3 Bd7 14. a4 Nh7 15. h4 f5
16. gxf5 gxf5 17. Bxc5 dxc5 18. Bh3 Nf6 19. Qe2 Nh5 20. Bxf5 Bxf5 21. exf5 e4
22. Rg1 Kh8 23. O-O-O cxd5 24. cxd5 Rxf5 25. Qxe4 Rxf2 26. Rdf1 Rxf1+ 27. Rxf1
Ng3 28. Qxe8+ Rxe8 29. Rf3 Ne2+ 30. Nxe2 Rxe2 31. d6 Re6 32. Nc4 Bf6 33. d7
Bxh4 34. Rf8+ Kg7 35. d8=Q Bxd8 36. Rxd8 b6 37. Rd5 Kg6 38. Kd2 h5 39. Ne3 h4
40. Ke2 h3 41. Kf3 h2 42. Rd1 Kg5 43. Rh1 Rf6+ 44. Ke2 Rf4 45. Rxh2 Rxa4 46.
Rg2+ Kf6 47. Nd5+ Ke5 48. Nc3 Rd4 49. Rg5+ Kf6 50. Rd5 Rb4 51. Rd2 Ke5 52. Kd1
Rd4 53. Nb5 Rb4 54. Na7 Ra4 55. Nc8 Rb4 56. Kc2 b5 57. Nb6 Rd4 58. Nd7+ Kd5 59.
Nf6+ Ke5 60. Nd7+ 1/2-1/2

[Event "GBR-ch80"]
[Site "Dundee"]
[Date "1993.08.04"]
[Round "3"]
[White "Roberts, Paul"]
[Black "Martin, Andrew D"]
[Result "0-1"]
[WhiteElo "2195"]
[BlackElo "2425"]
[PlyCount "77"]
[EventDate "1993.08.02"]
[EventType "swiss"]
[EventRounds "11"]
[EventCountry "GBR"]
[SourceTitle "BritBase"]
[Source "britbase.info"]
[SourceDate "2021.07.30"]
[SourceVersion "1"]
[SourceVersionDate "2021.07.30"]
[SourceQuality "1"]

1. e4 g6 2. d4 d6 3. Nc3 c6 4. Nf3 Bg7 5. Be3 Nf6 6. h3 O-O 7. Bd3 Nbd7 8. O-O
e5 9. Qd2 Re8 10. Rfe1 b5 11. Bg5 Qc7 12. dxe5 dxe5 13. a4 b4 14. Nd1 a5 15.
Ne3 h6 16. Bh4 Nc5 17. Nc4 Nh5 18. Qe3 Bf8 19. g4 Nf4 20. Nfxe5 g5 21. Bg3 Rxe5
22. Bxf4 gxf4 23. Qxf4 Re7 24. e5 Ba6 25. g5 Nxd3 26. cxd3 Bxc4 27. dxc4 Re6
28. gxh6 Bxh6 29. Qf5 Rae8 30. f4 Rg6+ 31. Kh1 Qb6 32. Rg1 Ree6 33. Qe4 Qf2 34.
Raf1 Qh4 35. Qf3 Rxg1+ 36. Rxg1+ Rg6 37. Rxg6+ fxg6 38. Qd3 Kh7 39. e6 0-1

[Event "GBR-ch80"]
[Site "Dundee"]
[Date "1993.08.04"]
[Round "3"]
[White "Summerscale, Aaron"]
[Black "Hastings, Jonathan J"]
[Result "1/2-1/2"]
[WhiteElo "2355"]
[BlackElo "2210"]
[PlyCount "88"]
[EventDate "1993.08.02"]
[EventType "swiss"]
[EventRounds "11"]
[EventCountry "GBR"]
[SourceTitle "BritBase"]
[Source "britbase.info"]
[SourceDate "2021.07.30"]
[SourceVersion "1"]
[SourceVersionDate "2021.07.30"]
[SourceQuality "1"]

1. e4 c6 2. d4 d5 3. e5 g6 4. f4 h5 5. Nf3 Nh6 6. Be3 Qb6 7. Qc1 Bg4 8. Nbd2
Nf5 9. Bf2 e6 10. Bd3 c5 11. c3 Bxf3 12. Nxf3 cxd4 13. O-O Nc6 14. cxd4 Be7 15.
h3 Nb4 16. Bb1 Nc6 17. Rd1 Rc8 18. Bd3 Rc7 19. Bc2 Na5 20. Rd3 Kf8 21. Rb1 Kg7
22. Qd1 Rhc8 23. Ne1 Rc4 24. a3 Qc7 25. b4 Nc6 26. Bb3 b5 27. g4 hxg4 28. hxg4
Nh6 29. Rh3 Rh8 30. Bxc4 bxc4 31. Be3 Qd8 32. Kg2 g5 33. Nf3 Nxg4 34. Nxg5
Nxe3+ 35. Rxe3 Bxg5 36. Rg3 Kf8 37. Rxg5 Ke7 38. Qd2 Qf8 39. Rg1 Qh6 40. Kf1
Qh3+ 41. R1g2 Qxa3 42. f5 Rh1+ 43. Kf2 Rb1 44. f6+ Kd7 1/2-1/2

[Event "GBR-ch80"]
[Site "Dundee"]
[Date "1993.08.04"]
[Round "3"]
[White "Ward, Christopher G"]
[Black "Muir, Andrew J"]
[Result "1-0"]
[WhiteElo "2460"]
[BlackElo "2360"]
[PlyCount "71"]
[EventDate "1993.08.02"]
[EventType "swiss"]
[EventRounds "11"]
[EventCountry "GBR"]
[SourceTitle "BritBase"]
[Source "britbase.info"]
[SourceDate "2021.07.30"]
[SourceVersion "1"]
[SourceVersionDate "2021.07.30"]
[SourceQuality "1"]

1. d4 d5 2. c4 e6 3. Nc3 c6 4. e3 Nf6 5. Nf3 Nbd7 6. Qc2 Bd6 7. b3 O-O 8. Be2
dxc4 9. bxc4 e5 10. O-O Re8 11. Rd1 Qe7 12. Rb1 b6 13. a4 Rb8 14. a5 bxa5 15.
Rxb8 Bxb8 16. Qa2 Bc7 17. Ba3 Qe6 18. d5 cxd5 19. cxd5 Qf5 20. Nb5 Bb8 21. d6
Bb7 22. Bb2 Ng4 23. h3 Ngf6 24. Qxa5 g5 25. Nc7 Bxc7 26. dxc7 g4 27. hxg4 Nxg4
28. Qb5 Bc8 29. Bd3 Qh5 30. Be4 Ngf6 31. Bb7 a6 32. Bxa6 Bxa6 33. Qxa6 e4 34.
c8=Q exf3 35. Bxf6 Nxf6 36. Qh3 1-0

[Event "GBR-ch80"]
[Site "Dundee"]
[Date "1993.08.04"]
[Round "3"]
[White "Webster, Andrew"]
[Black "Gokhale, Jayant Suresh"]
[Result "1-0"]
[WhiteElo "2410"]
[BlackElo "2330"]
[PlyCount "77"]
[EventDate "1993.08.02"]
[EventType "swiss"]
[EventRounds "11"]
[EventCountry "GBR"]
[SourceTitle "BritBase"]
[Source "britbase.info"]
[SourceDate "2021.07.30"]
[SourceVersion "1"]
[SourceVersionDate "2021.07.30"]
[SourceQuality "1"]

1. c4 e6 2. Nf3 Nf6 3. g3 d5 4. b3 Be7 5. Bg2 O-O 6. O-O c5 7. Bb2 Nc6 8. e3
Re8 9. Qe2 b6 10. Nc3 Bb7 11. Rfd1 Rc8 12. Rac1 Qc7 13. cxd5 exd5 14. d4 Red8
15. dxc5 bxc5 16. Na4 Ne4 17. Nd2 Nb4 18. a3 Nxd2 19. Rxd2 Na6 20. Qg4 Bf8 21.
b4 d4 22. e4 Bc6 23. Nxc5 Nxc5 24. bxc5 Qa5 25. Rxd4 Rxd4 26. Qxc8 Qd2 27. Qb8
Rd7 28. Qb4 Qe2 29. Bd4 h5 30. h4 Qg4 31. Be3 Rd3 32. e5 Qe6 33. Qc4 Rd1+ 34.
Rxd1 Qxc4 35. Bxc6 Kh7 36. Rc1 Qe6 37. Be4+ g6 38. c6 Bxa3 39. Rc2 1-0

[Event "GBR-ch80"]
[Site "Dundee"]
[Date "1993.08.05"]
[Round "4"]
[White "Arkell, Keith C"]
[Black "Rossiter, Philip J"]
[Result "1-0"]
[WhiteElo "2460"]
[BlackElo "2330"]
[PlyCount "57"]
[EventDate "1993.08.02"]
[EventType "swiss"]
[EventRounds "11"]
[EventCountry "GBR"]
[SourceTitle "BritBase"]
[Source "britbase.info"]
[SourceDate "2021.07.30"]
[SourceVersion "1"]
[SourceVersionDate "2021.07.30"]
[SourceQuality "1"]

1. d4 Nf6 2. c4 e6 3. Nf3 Bb4+ 4. Bd2 Qe7 5. g3 Nc6 6. Nc3 O-O 7. d5 Na5 8. b3
c6 9. a3 Bxa3 10. dxe6 fxe6 11. Nb1 Bb4 12. Rxa5 Bxa5 13. Bxa5 b5 14. cxb5 Rb8
15. bxc6 Ne4 16. Qd4 Rxb3 17. Nfd2 Nxd2 18. Nxd2 Rb5 19. Bc3 Rd5 20. Qb4 Qf7
21. f4 a5 22. Qc4 Qe7 23. Bg2 Rc5 24. Qd4 Ba6 25. cxd7 Rd8 26. Ne4 Rc4 27. Qb6
Qxd7 28. Qxa6 Qd5 29. Nf6+ 1-0

[Event "GBR-ch80"]
[Site "Dundee"]
[Date "1993.08.05"]
[Round "4"]
[White "Cobb, James"]
[Black "Levitt, Jonathan"]
[Result "0-1"]
[WhiteElo "2280"]
[BlackElo "2455"]
[PlyCount "64"]
[EventDate "1993.08.02"]
[EventType "swiss"]
[EventRounds "11"]
[EventCountry "GBR"]
[SourceTitle "BritBase"]
[Source "britbase.info"]
[SourceDate "2021.07.30"]
[SourceVersion "1"]
[SourceVersionDate "2021.07.30"]
[SourceQuality "1"]

1. e4 e6 2. d4 d5 3. Nc3 Bb4 4. e5 c5 5. a3 Bxc3+ 6. bxc3 Ne7 7. Qg4 Kf8 8. Qd1
Qa5 9. Bd2 cxd4 10. cxd4 Qa4 11. Nf3 b6 12. Be2 Nbc6 13. Be3 Ba6 14. O-O Rc8
15. Bxa6 Qxa6 16. h4 h6 17. h5 Qa4 18. Qd3 Na5 19. Bd2 Nec6 20. Qa6 Ke7 21.
Bb4+ Kd7 22. c4 dxc4 23. Bxa5 Rc7 24. Rab1 Rhc8 25. d5 exd5 26. Rfd1 Ke6 27.
Qb5 Qxb5 28. Rxb5 Nxa5 29. Rbxd5 c3 30. Rd6+ Ke7 31. Nd4 c2 32. Rc1 Rc4 0-1

[Event "GBR-ch80"]
[Site "Dundee"]
[Date "1993.08.05"]
[Round "4"]
[White "Cooper, Lawrence"]
[Black "Forbes, Cathy"]
[Result "1-0"]
[WhiteElo "2310"]
[BlackElo "2105"]
[PlyCount "55"]
[EventDate "1993.08.02"]
[EventType "swiss"]
[EventRounds "11"]
[EventCountry "GBR"]
[SourceTitle "BritBase"]
[Source "britbase.info"]
[SourceDate "2021.07.30"]
[SourceVersion "1"]
[SourceVersionDate "2021.07.30"]
[SourceQuality "1"]

1. e4 c5 2. Nf3 e6 3. d4 cxd4 4. Nxd4 a6 5. Bd3 Nf6 6. O-O Qc7 7. Kh1 Nc6 8.
Nxc6 dxc6 9. f4 e5 10. fxe5 Qxe5 11. Bf4 Qxb2 12. Nd2 b5 13. Qf3 Bg4 14. Qg3
Be6 15. Be5 Qb4 16. c3 Qa3 17. Nf3 Ng4 18. Bd4 c5 19. Ng5 cxd4 20. Nxe6 fxe6
21. Qxg4 O-O-O 22. Qxe6+ Kb8 23. Qb6+ Kc8 24. cxd4 Qxd3 25. Rac1+ Qc4 26. Rxc4+
bxc4 27. Qc6+ Kb8 28. Rb1+ 1-0

[Event "GBR-ch80"]
[Site "Dundee"]
[Date "1993.08.05"]
[Round "4"]
[White "Emms, John M"]
[Black "Hodgson, Julian M"]
[Result "1-0"]
[WhiteElo "2455"]
[BlackElo "2625"]
[PlyCount "89"]
[EventDate "1993.08.02"]
[EventType "swiss"]
[EventRounds "11"]
[EventCountry "GBR"]
[SourceTitle "BritBase"]
[Source "britbase.info"]
[SourceDate "2021.07.30"]
[SourceVersion "1"]
[SourceVersionDate "2021.07.30"]
[SourceQuality "1"]

1. e4 c5 2. Nf3 d6 3. d4 cxd4 4. Nxd4 Nf6 5. Nc3 Nbd7 6. Bc4 g6 7. O-O Bg7 8.
Re1 O-O 9. Bg5 a6 10. Qd2 Re8 11. Rad1 b5 12. Bb3 Bb7 13. Bh6 Bh8 14. a4 Nc5
15. axb5 axb5 16. Ndxb5 Ncxe4 17. Nxe4 Nxe4 18. Qf4 Nf6 19. Qc4 d5 20. Qc7 Rb8
21. Qxd8 Rbxd8 22. Nc7 e6 23. Nxe8 Nxe8 24. c3 Nd6 25. Bf4 Bf6 26. Ra1 g5 27.
Be5 Kg7 28. Bxf6+ Kxf6 29. Bc2 h5 30. Bd3 g4 31. f4 gxf3 32. gxf3 Nc4 33. Bxc4
dxc4 34. Rad1 Bd5 35. Kf2 Rb8 36. Rd2 Rb5 37. Rg1 Bc6 38. h4 Rf5 39. Rg3 Bd5
40. Rd4 Ke5 41. Rg5 Rxg5 42. f4+ Kf5 43. fxg5 f6 44. gxf6 Kxf6 45. Ke3 1-0

[Event "GBR-ch80"]
[Site "Dundee"]
[Date "1993.08.05"]
[Round "4"]
[White "Gokhale, Jayant Suresh"]
[Black "Ferguson, Mark"]
[Result "1/2-1/2"]
[WhiteElo "2330"]
[BlackElo "2195"]
[PlyCount "122"]
[EventDate "1993.08.02"]
[EventType "swiss"]
[EventRounds "11"]
[EventCountry "GBR"]
[SourceTitle "BritBase"]
[Source "britbase.info"]
[SourceDate "2021.07.30"]
[SourceVersion "1"]
[SourceVersionDate "2021.07.30"]
[SourceQuality "1"]

1. d4 d5 2. c4 c6 3. Nf3 Nf6 4. e3 Bf5 5. Nc3 e6 6. Bd3 Bxd3 7. Qxd3 Nbd7 8.
O-O Bd6 9. e4 dxe4 10. Nxe4 Nxe4 11. Qxe4 Nf6 12. Qe2 O-O 13. b3 c5 14. Bb2
cxd4 15. Nxd4 Be7 16. Rad1 Qc7 17. a3 a6 18. h3 Rfd8 19. Nf3 Rxd1 20. Rxd1 Rd8
21. Rxd8+ Qxd8 22. b4 Ne8 23. c5 Qd5 24. Qd2 Qxd2 25. Nxd2 f6 26. Nc4 Bd8 27.
a4 Kf7 28. Ba3 Ke7 29. b5 Kd7 30. b6 Kc8 31. Bc1 Be7 32. Be3 e5 33. Kf1 g6 34.
Na5 Bf8 35. Ke2 f5 36. g3 Nf6 37. Kd3 Nd5 38. Kc4 Nxe3+ 39. fxe3 Bh6 40. Kd3
e4+ 41. Kd4 Bg7+ 42. Kd5 Bc3 43. Nc4 Be1 44. Nd6+ Kb8 45. g4 fxg4 46. hxg4 h5
47. gxh5 gxh5 48. Nxe4 h4 49. Nf6 h3 50. Ng4 Bg3 51. e4 h2 52. Nxh2 Bxh2 53. e5
Kc8 54. e6 Kd8 55. c6 bxc6+ 56. Kxc6 Ke7 57. Kb7 a5 58. Ka6 Kxe6 59. Kxa5 Kd7
60. Ka6 Kc6 61. a5 Bg3 1/2-1/2

[Event "GBR-ch80"]
[Site "Dundee"]
[Date "1993.08.05"]
[Round "4"]
[White "Harley, Andrew D"]
[Black "Roberts, Paul"]
[Result "1-0"]
[WhiteElo "2315"]
[BlackElo "2195"]
[PlyCount "51"]
[EventDate "1993.08.02"]
[EventType "swiss"]
[EventRounds "11"]
[EventCountry "GBR"]
[SourceTitle "BritBase"]
[Source "britbase.info"]
[SourceDate "2021.07.30"]
[SourceVersion "1"]
[SourceVersionDate "2021.07.30"]
[SourceQuality "1"]

1. e4 c5 2. c3 d5 3. exd5 Qxd5 4. d4 Nf6 5. Nf3 Bg4 6. Be2 e6 7. O-O Be7 8. h3
Bh5 9. Be3 cxd4 10. cxd4 Nc6 11. Nc3 Qd6 12. Qb3 O-O 13. a3 a6 14. Rfd1 Rfd8
15. Rac1 b5 16. d5 Na5 17. Qa2 exd5 18. g4 Bg6 19. g5 Ne4 20. Nxd5 Qe6 21. Bb6
Bxg5 22. Bxd8 Bxd8 23. Bf1 Qf5 24. Bg2 Bh5 25. Ne3 Qf4 26. Qd5 1-0

[Event "GBR-ch80"]
[Site "Dundee"]
[Date "1993.08.05"]
[Round "4"]
[White "Hastings, Jonathan J"]
[Black "Parker, Jonathan"]
[Result "1/2-1/2"]
[WhiteElo "2210"]
[BlackElo "2370"]
[PlyCount "88"]
[EventDate "1993.08.02"]
[EventType "swiss"]
[EventRounds "11"]
[EventCountry "GBR"]
[SourceTitle "BritBase"]
[Source "britbase.info"]
[SourceDate "2021.07.30"]
[SourceVersion "1"]
[SourceVersionDate "2021.07.30"]
[SourceQuality "1"]

1. e4 e5 2. Nc3 Nf6 3. Bc4 Nxe4 4. Qh5 Nd6 5. Qxe5+ Qe7 6. Qxe7+ Bxe7 7. Bb3 c6
8. d4 Nf5 9. Nf3 d5 10. O-O f6 11. Ne2 Nd6 12. Re1 Na6 13. Bf4 Kf7 14. Nd2 Be6
15. Bg3 g5 16. a3 h5 17. Bxd6 Bxd6 18. c4 Nc7 19. Nc3 dxc4 20. Bxc4 Bxc4 21.
Nxc4 Rhd8 22. Rad1 Bf8 23. Re2 Rd7 24. Red2 Rad8 25. Na5 Ne6 26. d5 cxd5 27.
Rxd5 Rxd5 28. Rxd5 Rxd5 29. Nxd5 Nd8 30. Kf1 Ke6 31. Nc3 g4 32. Ke2 Bd6 33. h3
gxh3 34. gxh3 Bc7 35. Nb3 b6 36. Nd4+ Kf7 37. Ke3 Be5 38. Nce2 Ne6 39. Nxe6
Kxe6 40. b3 Bd6 41. a4 Kd5 42. Nc3+ Ke5 43. Nb5 Bb8 44. Kf3 f5 1/2-1/2

[Event "GBR-ch80"]
[Site "Dundee"]
[Date "1993.08.05"]
[Round "4"]
[White "Hebden, Mark"]
[Black "Knox, Victor W"]
[Result "1/2-1/2"]
[WhiteElo "2560"]
[BlackElo "2315"]
[PlyCount "115"]
[EventDate "1993.08.02"]
[EventType "swiss"]
[EventRounds "11"]
[EventCountry "GBR"]
[SourceTitle "BritBase"]
[Source "britbase.info"]
[SourceDate "2021.07.30"]
[SourceVersion "1"]
[SourceVersionDate "2021.07.30"]
[SourceQuality "1"]

1. Nf3 Nf6 2. d4 d5 3. c4 c6 4. e3 e6 5. Nbd2 Nbd7 6. b3 Bd6 7. Bb2 O-O 8. Bd3
b6 9. O-O Bb7 10. Ne5 Rc8 11. Rc1 c5 12. cxd5 exd5 13. Qf3 Qe7 14. Nxd7 Nxd7
15. Bf5 Rcd8 16. Qh3 g6 17. Bd3 f5 18. Nf3 Nf6 19. Ne5 Ne4 20. f3 Ng5 21. Qg3
Bxe5 22. dxe5 Ne6 23. f4 Bc6 24. Qe1 a6 25. Qe2 b5 26. Ba3 d4 27. Rfd1 Rd5 28.
g3 dxe3 29. Qxe3 Rfd8 30. Be2 Rxd1+ 31. Bxd1 Qd7 32. Kf2 Qd5 33. Bf3 Qxf3+ 34.
Qxf3 Bxf3 35. Kxf3 b4 36. Bb2 Rd2 37. Rb1 Rxh2 38. Ke3 Rg2 39. Kd3 Rxg3+ 40.
Kc4 Rf3 41. Rd1 Rxf4+ 42. Kd5 Kf7 43. Kc6 Nf8 44. Kxc5 Rf2 45. Bc1 Rxa2 46.
Kxb4 Re2 47. Ka5 Ra2+ 48. Kb4 Ra1 49. Kc3 Ra5 50. Rd6 Rc5+ 51. Kb2 a5 52. Rf6+
Ke8 53. Bf4 g5 54. Bxg5 Rxe5 55. Bf4 Rb5 56. Ka3 Nd7 57. Rh6 Nc5 58. Rh3
1/2-1/2

[Event "GBR-ch80"]
[Site "Dundee"]
[Date "1993.08.05"]
[Round "4"]
[White "Hennigan, Michael"]
[Black "Ward, Christopher G"]
[Result "1-0"]
[WhiteElo "2415"]
[BlackElo "2460"]
[PlyCount "67"]
[EventDate "1993.08.02"]
[EventType "swiss"]
[EventRounds "11"]
[EventCountry "GBR"]
[SourceTitle "BritBase"]
[Source "britbase.info"]
[SourceDate "2021.07.30"]
[SourceVersion "1"]
[SourceVersionDate "2021.07.30"]
[SourceQuality "1"]

1. Nf3 c5 2. g3 g6 3. Bg2 Bg7 4. O-O Nc6 5. e4 e6 6. c3 Nge7 7. d4 cxd4 8. cxd4
d5 9. e5 f6 10. Re1 fxe5 11. dxe5 O-O 12. Bf4 h6 13. h4 Bd7 14. Qd2 Nf5 15. Nc3
Qe7 16. Rad1 Kh7 17. Kh2 Rac8 18. Bf1 Qb4 19. Bd3 h5 20. Bb1 Nce7 21. Nxd5 Qxd2
22. Nf6+ Bxf6 23. Rxd2 Bc6 24. exf6 Bxf3 25. fxe7 Rfe8 26. Bg5 Kg7 27. Be4 Bxe4
28. Rxe4 Kf7 29. Kg2 Rc5 30. Rd7 Rb5 31. b3 e5 32. Rc4 Nd4 33. Rcc7 Ra5 34. Rd8
1-0

[Event "GBR-ch80"]
[Site "Dundee"]
[Date "1993.08.05"]
[Round "4"]
[White "James, David J"]
[Black "McDonald, Neil R"]
[Result "1/2-1/2"]
[WhiteElo "2255"]
[BlackElo "2395"]
[PlyCount "39"]
[EventDate "1993.08.02"]
[EventType "swiss"]
[EventRounds "11"]
[EventCountry "GBR"]
[SourceTitle "BritBase"]
[Source "britbase.info"]
[SourceDate "2021.07.30"]
[SourceVersion "1"]
[SourceVersionDate "2021.07.30"]
[SourceQuality "1"]

1. d4 Nf6 2. c4 g6 3. Nc3 Bg7 4. Nf3 d6 5. e3 O-O 6. Be2 c6 7. O-O a6 8. a3
Nbd7 9. b4 b5 10. cxb5 axb5 11. a4 Nb6 12. Bd2 bxa4 13. Nxa4 Ne4 14. Nxb6 Rxa1
15. Qxa1 Qxb6 16. Qa5 Qxa5 17. bxa5 Bg4 18. Rd1 Nxd2 19. Rxd2 Ra8 20. a6
1/2-1/2

[Event "GBR-ch80"]
[Site "Dundee"]
[Date "1993.08.05"]
[Round "4"]
[White "Koshy, Varugeese"]
[Black "Kumaran, Dharshan"]
[Result "1/2-1/2"]
[WhiteElo "2415"]
[BlackElo "2425"]
[PlyCount "32"]
[EventDate "1993.08.02"]
[EventType "swiss"]
[EventRounds "11"]
[EventCountry "GBR"]
[SourceTitle "BritBase"]
[Source "britbase.info"]
[SourceDate "2021.07.30"]
[SourceVersion "1"]
[SourceVersionDate "2021.07.30"]
[SourceQuality "1"]

1. c4 e5 2. g3 Nf6 3. Bg2 c6 4. d4 exd4 5. Qxd4 d5 6. Nc3 dxc4 7. Qxc4 Be6 8.
Qa4 Nbd7 9. Nf3 Bc5 10. Ng5 Qe7 11. Nxe6 Qxe6 12. O-O O-O 13. Bf4 Nb6 14. Qc2
Bd4 15. Rad1 Rad8 16. Bc1 Qc4 1/2-1/2

[Event "GBR-ch80"]
[Site "Dundee"]
[Date "1993.08.05"]
[Round "4"]
[White "Ledger, Andrew"]
[Black "Lyell, Mark"]
[Result "1-0"]
[WhiteElo "2375"]
[BlackElo "2235"]
[PlyCount "109"]
[EventDate "1993.08.02"]
[EventType "swiss"]
[EventRounds "11"]
[EventCountry "GBR"]
[SourceTitle "BritBase"]
[Source "britbase.info"]
[SourceDate "2021.07.30"]
[SourceVersion "1"]
[SourceVersionDate "2021.07.30"]
[SourceQuality "1"]

1. c4 e5 2. Nc3 Nc6 3. g3 g6 4. Bg2 Bg7 5. Rb1 d6 6. b4 Bf5 7. d3 Qd7 8. b5 Nd8
9. a4 Ne7 10. Nd5 Nxd5 11. cxd5 Qc8 12. a5 a6 13. Bd2 axb5 14. Rxb5 O-O 15. e4
Bd7 16. Rb1 f5 17. Ne2 f4 18. gxf4 Bh3 19. Bf3 exf4 20. Rg1 Rf7 21. Nxf4 Be5
22. Bg4 Bxg4 23. Qxg4 Qxg4 24. Rxg4 Bxf4 25. Bxf4 Rxa5 26. Bg5 Ra8 27. Bxd8
Rxd8 28. Rxb7 Ra8 29. Rb2 Ra1+ 30. Ke2 Rh1 31. Rg2 Kf8 32. Ke3 Re1+ 33. Re2
Rxe2+ 34. Kxe2 Rf4 35. Ke3 Rh4 36. f3 Ke7 37. Kf2 Rh3 38. Ke3 Rh4 39. d4 Kd7
40. Rc2 Rh5 41. Kf4 h6 42. e5 Kd8 43. Rg2 Rh4+ 44. Rg4 g5+ 45. Kg3 Rh5 46. Re4
Kd7 47. h4 gxh4+ 48. Rxh4 Rg5+ 49. Kf4 Rg1 50. Rxh6 Rd1 51. Rh7+ Kd8 52. Ke4
Kc8 53. f4 Re1+ 54. Kf5 Rd1 55. e6 1-0

[Event "GBR-ch80"]
[Site "Dundee"]
[Date "1993.08.05"]
[Round "4"]
[White "Martin, Andrew D"]
[Black "McNab, Colin Anderson"]
[Result "0-1"]
[WhiteElo "2425"]
[BlackElo "2490"]
[PlyCount "76"]
[EventDate "1993.08.02"]
[EventType "swiss"]
[EventRounds "11"]
[EventCountry "GBR"]
[SourceTitle "BritBase"]
[Source "britbase.info"]
[SourceDate "2021.07.30"]
[SourceVersion "1"]
[SourceVersionDate "2021.07.30"]
[SourceQuality "1"]

1. e4 g6 2. Nc3 d6 3. Bc4 e6 4. d4 Bg7 5. Nf3 Ne7 6. h4 h6 7. Bf4 a6 8. e5 b5
9. Bd3 Bb7 10. Ne4 Nd5 11. Qd2 Nxf4 12. Qxf4 Bxe4 13. Qxe4 Nd7 14. Qc6 Ke7 15.
O-O-O Nb6 16. h5 g5 17. Rhe1 d5 18. Nh2 Qd7 19. Qc5+ Kd8 20. Ng4 Kc8 21. Nf6
Bxf6 22. exf6 Qd6 23. Qxd6 cxd6 24. f4 gxf4 25. Rf1 Rg8 26. Bg6 Kd7 27. Rxf4
Raf8 28. Bd3 Rxg2 29. Rh1 Rfg8 30. a3 Nc4 31. Re1 Rg1 32. Rff1 Rxf1 33. Rxf1
Rg5 34. c3 Ne3 35. Rf3 Rg1+ 36. Kd2 Nc4+ 37. Bxc4 dxc4 38. Ke3 Rg5 0-1

[Event "GBR-ch80"]
[Site "Dundee"]
[Date "1993.08.05"]
[Round "4"]
[White "Martin, Benjamin"]
[Black "Hunt, Adam"]
[Result "1-0"]
[WhiteElo "2410"]
[BlackElo "2150"]
[PlyCount "103"]
[EventDate "1993.08.02"]
[EventType "swiss"]
[EventRounds "11"]
[EventCountry "GBR"]
[SourceTitle "BritBase"]
[Source "britbase.info"]
[SourceDate "2021.07.30"]
[SourceVersion "1"]
[SourceVersionDate "2021.07.30"]
[SourceQuality "1"]

1. d4 Nf6 2. c4 g6 3. Nc3 Bg7 4. e4 d6 5. Be2 O-O 6. Bg5 c6 7. Qd2 e5 8. d5
cxd5 9. cxd5 a6 10. f3 b5 11. g4 Re8 12. h4 Nbd7 13. Nh3 b4 14. Nd1 a5 15. h5
Nf8 16. Nhf2 Ba6 17. Bxa6 Rxa6 18. Ne3 h6 19. Bh4 g5 20. Bg3 N8d7 21. Nd3 Ra8
22. O-O Rc8 23. Bf2 Nb6 24. Nc1 Qd7 25. b3 Qb5 26. Ne2 Nfd7 27. Rfc1 Nc5 28.
Nc4 Nxc4 29. Rxc4 Bf8 30. Rac1 Rcd8 31. R1c2 Rc8 32. Nc1 Red8 33. Nd3 f6 34.
Kg2 Rd7 35. Be3 Kf7 36. Bxc5 dxc5 37. Nb2 Bd6 38. Rc1 Bf8 39. Kf2 Be7 40. Ra1
Bd6 41. Kg2 Be7 42. a3 Bd6 43. axb4 axb4 44. Rcc1 Kg7 45. Nc4 Bc7 46. Ra4 Bd8
47. Rca1 Rb8 48. Ra6 Bb6 49. Rxb6 Rxb6 50. Ra5 Qxa5 51. Nxa5 Ra6 52. Nc4 1-0